| 000 | 00982nam a2200289 a 4500 | ||
|---|---|---|---|
| 001 | 25638 | ||
| 003 | CO-ViMGA | ||
| 008 | 141112s2004 ck r 000 u spa d | ||
| 020 | _a9789588654744 | ||
| 040 |
_aCO-ViMGA _bspa _cCO-ViMGA |
||
| 041 | _aSPA | ||
| 090 | _aC KAF1 | ||
| 100 | 1 |
_aKafka, Franz, 1883 - 1924 _939358 |
|
| 245 | 1 | 0 |
_aOcasión para una pequeña desesperación / _cFranz Kafka ; selección e ilustraciones Nikolaus Heidelbach |
| 250 | _a1a ed. | ||
| 260 |
_aBarcelona : _bLibros del Zorro Rojo, _c2011 |
||
| 300 | _a120 p. : il. col. | ||
| 490 | _aIllustrata | ||
| 500 | _aIncluye datos biográficos del autor. Incluye índice. | ||
| 650 | 1 | 4 |
_aAUTORES CHECOSLOVACOS _939359 |
| 650 | 1 | 4 |
_aCUENTOS - COLECCIONES _919715 |
| 650 | 1 | 4 |
_aCUENTOS CHECOSLOVACOS - SIGLO XX _939360 |
| 650 | 1 | 4 |
_aLITERATURA CHECOSLOVACA - SIGLO XX _939361 |
| 700 | 1 |
_aHeidelbach, Nikolaus, 1955 - _939362 |
|
| 700 | 1 |
_aHeidelbach, Nikolaus, 1955 - _939362 |
|
| 942 |
_2ddc _cBK |
||
| 999 |
_c5211 _d5211 |
||